Régimen sancionatorio en materia tributaria (Registro nro. 2316)
[ vista simple ]
| 000 -LEADER | |
|---|---|
| fixed length control field | 03413 a2200457 4500 |
| 001 - CONTROL NUMBER | |
| control field | 32960 |
| 005 - DATE AND TIME OF LATEST TRANSACTION | |
| control field | 20260407155625.0 |
| 008 - FIXED-LENGTH DATA ELEMENTS--GENERAL INFORMATION | |
| fixed length control field | 260407a2013 arg spa d |
| 003 - CONTROL NUMBER IDENTIFIER | |
| control field | AR-UNSa-BCEJYS |
| 040 ## - CATALOGING SOURCE | |
| Original cataloging agency | AR-UNSa-BCEJYS |
| Language of cataloging | spa |
| Transcribing agency | AR-UNSa-BCEJYS |
| 080 ## - UNIVERSAL DECIMAL CLASSIFICATION NUMBER | |
| Universal Decimal Classification number | 336.225.68 |
| Common auxiliary subdivision | Infracciones de leyes tributarias<br/> |
| 020 ## - INTERNATIONAL STANDARD BOOK NUMBER | |
| International Standard Book Number | 978-987-660-189-4 |
| 041 ## - LANGUAGE CODE | |
| Language code of text/sound track or separate title | spa |
| 100 1# - MAIN ENTRY--PERSONAL NAME | |
| Personal name | Bonzón Rafart, Juan Carlos |
| 245 10 - TITLE STATEMENT | |
| Title | Régimen sancionatorio en materia tributaria |
| Name of part/section of a work | libro homenaje a los 55 años de obra científica y docente del profesor Vicente O. Díaz |
| 264 #1 - PRODUCTION, PUBLICATION, DISTRIBUTION, MANUFACTURE, AND COPYRIGHT NOTICE | |
| Place of production, publication, distribution, manufacture | Buenos Aires : |
| Name of producer, publisher, distributor, manufacturer | EDICON (Fondo Editorial Consejo) |
| Date of production, publication, distribution, manufacture, or copyright notice | 2013 |
| 300 ## - PHYSICAL DESCRIPTION | |
| Extent | 485 p. |
| Dimensions | 24 cm. |
| 505 ## - FORMATTED CONTENTS NOTE | |
| Formatted contents note | 1. La utilización de facturas apócrifas y sus efectos en materia impositiva y sancionatoria / Humberto J. Bertazza - 2. Lagunas de punibilidad en la criminalidad económic. Defecto de organización permanente, estructura temporal y ética empresarial / Juan Carlos Bonzon Rafart y Carolina Alejandra Vanella - 3. La responsabilidad penal de los administradores y de las sociedades por ilícitos tributarios / Mariano Hernán Borinsky - 4. El provechamiento indebido de subsidios / Alejandro J. Catania - 5. La importancia de la prueba pericial en el proceso penal tributario / Horacio R. Della Rocca - 6. Vinculaciones procesales entre las causas penal tributaria y contencioso administrativa / José A. Díaz Ortiz - 7. Medidas de urgencia (Art. 21 Ley Penal Tributaria) / Cristian E. Fabris - 8. El concepto de tributo en la Ley Penal Tributaria / Carlos Folco - 9. Acerca de los efectos tributarios de la Sentencia Penal / Juan P. Fridenberg - 10. Reflexiones sobre responsabilidad penal en el ejercicio de la profesión / Teresa Gómez - 11. El delito de evasión y el lavado de bienes / César Roberto Litvin - 12. La obtención de prueba en el marco del proceso penal tributario / Graciela Nora Manonellas - 13. La persona Jurídica ante la Ley Penal Tributaria. Distintos problema según pasan los años / Ana Clara Marconi y Norberto Julio Marconi - 14. La presentación espontanéa y sus efectos en la Ley Penal Triburia / Marta Nercellas - 15. El rol del Ministerio Público Fiscal / Carolina Robiglio - 16. La punición de la evasión fiscal mediante el uso de documentación apócrifa / Esteban D. Semachowicz - 17. Algunos aspectos de la autoría en los delitos comunes. (La parte de la Ley Penal Tributaria que no miramos) / José María Sferco - 18. La determinación de oficio en el Proceso Penal / Sergio Armando Simesen de Bielke |
| 590 ## - LOCAL NOTE (RLIN) | |
| Local note | niveau_biblio:m niveau_hierar:0 |
| 700 1# - ADDED ENTRY--PERSONAL NAME | |
| Personal name | Bertazza, Humberto J. |
| 700 1# - ADDED ENTRY--PERSONAL NAME | |
| Personal name | Borinsky, Mariano H. |
| 700 1# - ADDED ENTRY--PERSONAL NAME | |
| Personal name | Catania, Alejandro J. |
| 700 1# - ADDED ENTRY--PERSONAL NAME | |
| Personal name | Della Rocca, Horacio R. |
| 700 1# - ADDED ENTRY--PERSONAL NAME | |
| Personal name | Díaz Ortiz, José A. |
| 700 1# - ADDED ENTRY--PERSONAL NAME | |
| Personal name | Fabris, Cristian E. |
| 700 1# - ADDED ENTRY--PERSONAL NAME | |
| Personal name | Folco, Carlos Maria |
| 700 1# - ADDED ENTRY--PERSONAL NAME | |
| Personal name | Fridenberg, Juan P. |
| 700 1# - ADDED ENTRY--PERSONAL NAME | |
| Personal name | Gómez, Teresa |
| 700 1# - ADDED ENTRY--PERSONAL NAME | |
| Personal name | Litvin, César R. |
| 700 1# - ADDED ENTRY--PERSONAL NAME | |
| Personal name | Manonellas, Graciela N. |
| 700 1# - ADDED ENTRY--PERSONAL NAME | |
| Personal name | Marconi, Ana Clara |
| 700 1# - ADDED ENTRY--PERSONAL NAME | |
| Personal name | Marconi, Norberto J. |
| 700 1# - ADDED ENTRY--PERSONAL NAME | |
| Personal name | Nercellas, Marta |
| 700 1# - ADDED ENTRY--PERSONAL NAME | |
| Personal name | Robiglio, Carolina L. |
| 700 1# - ADDED ENTRY--PERSONAL NAME | |
| Personal name | Semachowicz, Esteban D. |
| 700 1# - ADDED ENTRY--PERSONAL NAME | |
| Personal name | Sferco, José María |
| 700 1# - ADDED ENTRY--PERSONAL NAME | |
| Personal name | Simesen de Bielke, Sergio Armando |
| 700 1# - ADDED ENTRY--PERSONAL NAME | |
| Personal name | Vanella, Carolina A. |
| 856 41 - ELECTRONIC LOCATION AND ACCESS | |
| Uniform Resource Identifier | <a href="https://biblioeco.unsa.edu.ar/pmb/images/libros/regimen_sancionatorio.jpg">https://biblioeco.unsa.edu.ar/pmb/images/libros/regimen_sancionatorio.jpg</a> |
| Link text | Imagen de portada |
| Electronic format type | image/jpeg |
| 942 ## - ADDED ENTRY ELEMENTS (KOHA) | |
| Koha item type | |
| Withdrawn status | Lost status | Damaged status | Not for loan | Home library | Current library | Shelving location | Date acquired | Total checkouts | Full call number | Barcode | Date last seen | Price effective from | Koha item type |
|---|---|---|---|---|---|---|---|---|---|---|---|---|---|
| Biblioteca Prof. Eusebio Cleto del Rey | Biblioteca Prof. Eusebio Cleto del Rey | 07/04/2026 | 336.225.68 B536 | L125241 | 07/04/2026 | 07/04/2026 | Libro | ||||||
| Biblioteca Prof. Eusebio Cleto del Rey | Biblioteca Prof. Eusebio Cleto del Rey | 07/04/2026 | 336.225.68 B536 | L125242 | 07/04/2026 | 07/04/2026 | Libro | ||||||
| Biblioteca Prof. Eusebio Cleto del Rey | Biblioteca Prof. Eusebio Cleto del Rey | 07/04/2026 | 336.225.68 B536 | L125243 | 07/04/2026 | 07/04/2026 | Libro | ||||||
| Biblioteca Prof. Eusebio Cleto del Rey | Biblioteca Prof. Eusebio Cleto del Rey | 07/04/2026 | P336.225.68 B536 | L125247 | 07/04/2026 | 07/04/2026 | Libro | ||||||
| Biblioteca Prof. Eusebio Cleto del Rey | Biblioteca Prof. Eusebio Cleto del Rey | 07/04/2026 | P336.225.68 B536 | L125248 | 07/04/2026 | 07/04/2026 | Libro |